Generátor kódu programu riadiacej jednotky na báze mikropočítačových modulov /

Salvato in:
Dettagli Bibliografici
Autore principale: Jelemenská, Katarína, 1962- (Autore)
Ente Autore: Slovenská vysoká škola technická v Bratislave, Elektrotechnická fakulta : Katedra počítačov
Altri autori: Hladík, Dalibor (Relatore della tesi)
Natura: Manoscritto Libro
Lingua:slovacco
Pubblicazione: Bratislava : Slovenská vysoká škola technická 1986,
Tags: Aggiungi Tag
Nessun Tag, puoi essere il primo ad aggiungerne!!

MARC

LEADER 00000ntm a22000003a 4500
001 0065155
003 SK-STU
005 20180521155642.9
007 ta
008 180521s2018----xo-----f-mn---000-0-slo-d
040 |a STU  |b slo 
041 0 |a slo 
044 |a xo  |c SK 
100 1 |a Jelemenská, Katarína,  |d 1962-  |u 070400  |4 aut  |r Z1  |U FIIT Fakulta informatiky a informačných technológií  |T FIIT Ústav počítačového inžinierstva a aplikovanej informatiky  |X 1867  |U I400  |Y 672  |7 1867 
245 1 0 |a Generátor kódu programu riadiacej jednotky na báze mikropočítačových modulov /  |c aut. Katarína Jelemenská ; škol. Dalibor Hladík 
260 |c 1986,  |a Bratislava :  |b Slovenská vysoká škola technická 
300 |a 55 s. 
700 1 |a Hladík, Dalibor  |4 ths 
710 2 |a Slovenská vysoká škola technická v Bratislave,  |b Elektrotechnická fakulta :  |b Katedra počítačov 
996 |c I*DP31/86  |l II680  |s P  |a 0  |w 0065155_0001